[Event "Canarias-ch Seniors"]
[Site "Santa Cruz de Tenerife"]
[Date "2018.05.13"]
[Round "6"]
[White "Martin Fernandez, Antonio"]
[Black "Valles Roc, Alberto Noel"]
[Result "1/2-1/2"]
[WhiteElo "1704"]
[BlackElo "1609"]
[PlyCount "133"]
[EventDate "2018.05.10"]
[EventType "swiss"]
[EventRounds "6"]
[EventCountry "ESP"]
[SourceTitle "EXT 2022"]
[Source "ChessBase"]
[SourceDate "2021.10.06"]
[SourceVersion "1"]
[SourceVersionDate "2021.10.06"]
[SourceQuality "1"]

1. b4 Nf6 2. Bb2 g6 3. e4 d6 4. Bc4 Bg7 5. Ne2 0-0 6. d3 Bg4 7. f3 Be6 8. Bxe6 fxe6 9. 0-0 e5 10. Nd2 Qd7 11. a4 Nc6 12. b5 Nd8 13. d4 exd4 14. Nxd4 e5 15. Ne2 Ne6 16. c4 Nh5 17. g3 Rf7 18. Nc3 c6 19. Qe2 Raf8 20. Ra3 Bh6 21. Nd1 Nhf4 22. gxf4 Nxf4 23. Qe1 Nh3+ 24. Kh1 Bf4 25. Nf2 Ng5 26. Ng4 Kg7 27. Rd3 Nxf3 28. Rdxf3 Qxg4 29. Qf2 Kg8 30. Bc1 g5 31. Nb1 h6 32. Bxf4 Rxf4 33. Rxf4 Rxf4 34. Qg2 Rxf1+ 35. Qxf1 Qxe4+ 36. Kg1 Qg4+ 37. Kh1 Qe4+ 38. Kg1 Kg7 39. Nd2 Qe3+ 40. Qf2 Qxf2+ 41. Kxf2 d5 42. cxd5 cxd5 43. a5 b6 44. a6 Kf6 45. Kf3 Kf5 46. h3 h5 47. Nb3 g4+ 48. hxg4+ hxg4+ 49. Ke2 Ke4 50. Nc5+ Kd4 51. Nd7 Kc4 52. Nxb6+ Kxb5 53. Nxd5 Kxa6 54. Ne3 g3 55. Kf3 Kb5 56. Kxg3 Kc5 57. Kf3 Kd4 58. Ke2 e4 59. Kd2 a5 60. Nc2+ Kc4 61. Kc1 Kc3 62. Kb1 a4 63. Ne3 Kd3 64. Ng4 Ke2 65. Ka2 Kf3 66. Ne5+ Kf4 67. Nc4 1/2-1/2